| Tag |
First Indicator |
Second Indicator |
Subfields |
| LEADER |
00000cam a2200000 4500 |
| 001 |
in00000456321 |
| 005 |
20151012090240.0 |
| 008 |
730625s1966 ilua 00010 eng d |
| 010 |
|
|
|a 66011813
|
| 035 |
|
|
|a (OCoLC)00646373
|
| 035 |
|
|
|9 ABY4164AM
|
| 040 |
|
|
|c CPL
|d TXA
|d UtOrBLW
|
| 049 |
|
|
|a TXAM
|c [417855]
|
| 050 |
0 |
0 |
|a HF5635
|b .P975 1966
|
| 082 |
0 |
|
|a 657
|
| 100 |
1 |
|
|a Pyle, William W.
|
| 245 |
1 |
0 |
|a Fundamental accounting principles /
|c [by] William W. Pyle [and] John Arch White.
|
| 250 |
|
|
|a 4th ed.
|
| 264 |
|
1 |
|a Homewood, Ill. :
|b R.D. Irwin,
|c 1966.
|
| 300 |
|
|
|a xv, 860 pages :
|b illustrations ;
|c 24 cm.
|
| 336 |
|
|
|a text
|b txt
|2 rdacontent
|
| 337 |
|
|
|a unmediated
|b n
|2 rdamedia
|
| 338 |
|
|
|a volume
|b nc
|2 rdacarrier
|
| 490 |
1 |
|
|a The Irwin series in accounting
|
| 650 |
|
0 |
|a Accounting.
|
| 700 |
1 |
|
|a White, John Arch,
|d 1901-
|
| 830 |
|
0 |
|a Irwin series in accounting.
|
| 999 |
|
|
|a MARS
|
| 999 |
f |
f |
|s 4a84a37a-7ff9-32f6-becb-cbd8ef6cb8c7
|i 9fc1dcc2-9c18-34bf-b950-d8ebeb16fbc6
|t 0
|
| 952 |
f |
f |
|p ric
|a Texas A&M University
|b Rellis Campus
|c Joint Library Facility
|d Remote Storage
|t 0
|e HF5635 .P975 1966
|h Library of Congress classification
|i unmediated -- volume
|m A14802835822
|
| 998 |
f |
f |
|a HF5635 .P975 1966
|t 0
|l Remote Storage
|